[Event "Wijk aan Zee (open)"]
[Site "?"]
[Date "1995.??.??"]
[Round "?"]
[White "Leko, P."]
[Black "Onischuk, Al"]
[Result "1/2-1/2"]
[WhiteElo "2555"]
[BlackElo "2590"]
[PlyCount "41"]
[EventDate "1995.??.??"]
[Source "ChessBase"]
[SourceDate "1994.10.01"]

1. e4 Nf6 2. e5 Nd5 3. d4 d6 4. Nf3 Bg4 5. Be2 c6 6. O-O Bxf3 7. Bxf3 dxe5 8. dxe5 e6 9. Qe2 Nd7 10. Re1 Qc7 11. g3 Bc5 12. Nd2 O-O 13. Bg2 a5 14. Nf3 b5 15. Qe4 Rfb8 16. Bd2 a4 17. h4 b4 18. Rad1 Qb6 19. Re2 Nf8 20. Bh3 Rd8 21. Rc1 1/2-1/2

[Event "BL 0607 OSC Baden Baden - SF Katernberg"]
[Site "Germania"]
[Date "2007.02.25"]
[Round "11.5"]
[White "Senff, Martin"]
[Black "Krasenkow, Michal"]
[Result "1/2-1/2"]
[WhiteElo "2449"]
[BlackElo "2647"]
[PlyCount "110"]
[EventDate "2006.10.28"]
[Source "www.chesslib.no"]
[SourceDate "2004.05.04"]

1. e4 Nf6 2. e5 Nd5 3. d4 d6 4. Nf3 Bg4 5. Be2 c6 6. O-O Bxf3 7. Bxf3 dxe5 8. dxe5 e6 9. Nd2 Nd7 10. Re1 Qc7 11. Nc4 N7b6 12. Qe2 Nxc4 13. Qxc4 O-O-O 14. a3 h6 15. b4 g5 16. Bb2 h5 17. g3 g4 18. Bg2 Bg7 19. Qe4 Ne7 20. a4 Rd2 21. Qf4 Rxc2 22. Qxf7 Rxb2 23. Qxg7 Rd8 24. Rad1 Nd5 25. Qg6 Qe7 26. b5 Rf8 27. bxc6 Rfxf2 28. Bxd5 exd5 29. Qg8+ Kc7 30. Qxd5 bxc6 31. Rc1 Qd7 32. Qxd7+ Kxd7 33. e6+ Ke7 34. Rxc6 Rg2+ 35. Kh1 Rxh2+ 36. Kg1 Rhg2+ 37. Kh1 Rh2+ 38. Kg1 Rbg2+ 39. Kf1 Rf2+ 40. Kg1 Rfg2+ 41. Kf1 Rxg3 42. Rc7+ Kf6 43. Rf7+ Kg6 44. Re4 Rb3 45. Kg1 Rbh3 46. e7 Rh1+ 47. Kf2 R3h2+ 48. Kg3 h4+ 49. Kxg4 Rg1+ 50. Kf4 Rf1+ 51. Kg4 Rg1+ 52. Kf4 Rf2+ 53. Ke3 Re1+ 54. Kxf2 Rxe4 55. e8=Q Rxe8 1/2-1/2

[Event "Podolsk"]
[Site "?"]
[Date "1989.??.??"]
[Round "?"]
[White "Yudasin, L."]
[Black "Timoshenko, G."]
[Result "1-0"]
[WhiteElo "2555"]
[BlackElo "2535"]
[PlyCount "91"]
[EventDate "1989.??.??"]
[Source "ChessBase"]
[SourceDate "1989.07.01"]

1. e4 Nf6 2. e5 Nd5 3. d4 d6 4. Nf3 Bg4 5. Be2 c6 6. c4 Nb6 7. exd6 exd6 8. O-O Be7 9. Nbd2 O-O 10. Re1 N8d7 11. a4 a5 12. Ra3 Re8 13. Re3 Nf8 14. Qb3 Be6 15. Bd3 Rb8 16. Qc2 d5 17. c5 Nbd7 18. Nb3 b6 19. Bd2 Ra8 20. Rc1 g6 21. h4 Bg4 22. Rce1 Bxf3 23. gxf3 Ne6 24. cxb6 Bxh4 25. b7 Rb8 26. Qxc6 Ndf8 27. Kf1 Bg5 28. Bxa5 Qf6 29. Nc5 Bxe3 30. Rxe3 Qh4 31. Nxe6 Nxe6 32. Ke1 Kg7 33. Bb4 Nf4 34. Qxe8 Nxd3+ 35. Ke2 Nf4+ 36. Kd1 Rxe8 37. Rxe8 Qxf2 38. b8=Q Qxf3+ 39. Kc2 Qd3+ 40. Kc1 Qf1+ 41. Be1 Qc4+ 42. Bc3 Qf1+ 43. Kc2 Qd3+ 44. Kb3 Qd1+ 45. Kb4 Nd3+ 46. Ka5 1-0

[Event "Dos Hermanas"]
[Site "Dos Hermanas"]
[Date "1993.??.??"]
[Round "7"]
[White "Yudasin, Leonid"]
[Black "Fernandez Garcia, Jose Luis"]
[Result "1-0"]
[WhiteElo "2610"]
[BlackElo "2475"]
[PlyCount "77"]
[EventDate "1993.04.??"]
[Source "ChessBase"]

1. e4 Nf6 2. e5 Nd5 3. d4 d6 4. Nf3 Bg4 5. Be2 c6 6. c4 Nb6 7. exd6 exd6 8. O-O Be7 9. Qc2 O-O 10. Be3 N8d7 11. a4 a5 12. Nbd2 Re8 13. Rfe1 Nf8 14. Qb3 Rb8 15. d5 Nbd7 16. h3 Bh5 17. Ne4 Bg6 18. Nfd2 Nf6 19. Bb6 Qd7 20. Nxf6+ Bxf6 21. Bxa5 h5 22. Bc3 Bxc3 23. Qxc3 cxd5 24. cxd5 Rbc8 25. Qd4 Qc7 26. Bb5 Nd7 27. b4 Re5 28. Nc4 Rxe1+ 29. Rxe1 Nf6 30. a5 Qd8 31. Nb6 Rc7 32. Bf1 Re7 33. Rxe7 Qxe7 34. b5 Qe1 35. a6 bxa6 36. bxa6 Qa5 37. Qa4 Qxa4 38. Nxa4 Be4 39. Bc4 1-0

[Event "JUG-ch"]
[Site "JUG"]
[Date "1984.??.??"]
[Round "2"]
[White "Ivanovic, Bozidar"]
[Black "Kovacevic, Vlatko"]
[Result "0-1"]
[WhiteElo "2525"]
[BlackElo "2555"]
[PlyCount "106"]
[EventDate "1984.02.??"]
[Source "ChessBase"]

1. e4 Nf6 2. e5 Nd5 3. d4 d6 4. Nf3 Bg4 5. Be2 c6 6. O-O Bxf3 7. Bxf3 dxe5 8. dxe5 e6 9. Qe2 Nd7 10. g3 Qc7 11. Re1 Bc5 12. Nd2 O-O 13. Nb3 Bb6 14. c4 Ne7 15. Bd2 a5 16. Bc3 a4 17. Nd2 Ba5 18. Bg2 Bxc3 19. bxc3 Rfd8 20. f4 Nc5 21. Ne4 Nxe4 22. Bxe4 Qa5 23. Qe3 Rd7 24. Rad1 Rad8 25. Rxd7 Rxd7 26. Kg2 g6 27. Re2 Qd8 28. g4 Nc8 29. Kg3 a3 30. h4 Nb6 31. Qc5 Na4 32. Qxa3 Rd3+ 33. Bxd3 Qxd3+ 34. Kf2 Nxc3 35. Re3 Nd1+ 36. Kf3 Qf1+ 37. Ke4 Qxc4+ 38. Kf3 Qf1+ 39. Ke4 Nxe3 40. Qa8+ Kg7 41. Kxe3 Qe1+ 42. Kf3 Qd1+ 43. Ke3 Qe1+ 44. Kf3 Qxh4 45. Qxb7 Qh3+ 46. Ke4 Qxg4 47. Qb2 Qd1 48. Ke3 h5 49. f5 Qg1+ 50. Kd3 Qf1+ 51. Kd4 Qg1+ 52. Kc4 gxf5 53. Qa3 Qg4+ 0-1

[Event "It (cat.10)"]
[Site "Wijk aan Zee (Netherlands)"]
[Date "2007.01.26"]
[Round "11"]
[White "Jonkman Harmen (NED)"]
[Black "Krasenkow Michal (POL)"]
[Result "0-1"]
[WhiteElo "2425"]
[BlackElo "2651"]
[PlyCount "90"]
[EventDate "2007.??.??"]
[Source "www.chesslib.no"]
[SourceDate "2004.05.04"]

1. e4 Nf6 2. e5 Nd5 3. d4 d6 4. Nf3 Bg4 5. Be2 c6 6. Ng5 Bxe2 7. Qxe2 dxe5 8. dxe5 e6 9. O-O Nd7 10. c4 Ne7 11. Bf4 Ng6 12. Qh5 Qe7 13. Bg3 Ngxe5 14. Ne4 g6 15. Qe2 f5 16. f4 Nf7 17. Nec3 Bg7 18. Re1 e5 19. fxe5 Ndxe5 20. Nd2 O-O 21. Bf2 Rfd8 22. c5 Qf8 23. Nb3 Nd3 24. Red1 Nxf2 25. Qxf2 Ne5 26. Qf4 Qf7 27. Rxd8+ Rxd8 28. Rd1 Rxd1+ 29. Nxd1 Qc4 30. Qd2 Qd3 31. Nf2 Qxd2 32. Nxd2 Nd7 33. Nd3 Nxc5 34. Nxc5 Bd4+ 35. Kf1 Bxc5 36. Nc4 Kf7 37. Na5 Bb6 38. Nc4 Ke6 39. Ke2 g5 40. Kd3 Kd5 41. Nd2 g4 42. Nf1 f4 43. h3 f3 44. gxf3 gxh3 45. f4 h5 0-1

[Event "Yerevan zt"]
[Site "Yerevan"]
[Date "1982.??.??"]
[Round "14"]
[White "Dolmatov, Sergey"]
[Black "Agzamov, Georgy"]
[Result "1-0"]
[WhiteElo "2590"]
[BlackElo "2485"]
[PlyCount "155"]
[EventDate "1982.02.??"]
[Source "ChessBase"]

1. e4 Nf6 2. e5 Nd5 3. d4 d6 4. Nf3 Bg4 5. Be2 c6 6. c4 Nb6 7. exd6 exd6 8. b3 Be7 9. O-O O-O 10. Nc3 Re8 11. h3 Bh5 12. Bf4 Bf6 13. Qd2 Na6 14. a4 h6 15. Rfe1 Nc7 16. a5 Nc8 17. g4 Bg6 18. Bg3 a6 19. Bf1 Rxe1 20. Rxe1 Ne6 21. b4 d5 22. c5 Na7 23. Ne5 Ng5 24. Bg2 Bxe5 25. Rxe5 Nb5 26. Nxb5 axb5 27. f3 f6 28. Re3 Qd7 29. h4 Ne6 30. f4 Be4 31. f5 Nc7 32. Bxe4 dxe4 33. Bxc7 Qxc7 34. Rxe4 Qg3+ 35. Qg2 Qd3 36. Qe2 Qg3+ 37. Qg2 Qd3 38. Qa2+ Kh7 39. Qe2 Qg3+ 40. Qg2 Qd3 41. Kh2 Kg8 42. Qe2 Qc4 43. Qe3 Rf8 44. Kh3 Kh7 45. Re7 Rd8 46. Re4 Rf8 47. Kg3 Rf7 48. Re6 Rf8 49. Re7 Qxb4 50. Rxb7 Qxa5 51. g5 hxg5 52. hxg5 fxg5 53. Qe5 Rg8 54. Qe4 Qc3+ 55. Kg4 Qc1 56. f6+ Kh6 57. fxg7 Qd1+ 58. Kf5 Qf1+ 59. Ke6 Rxg7 60. Rxg7 Kxg7 61. Qe5+ Kg6 62. d5 b4 63. dxc6 Qf7+ 64. Kd6 Qf8+ 65. Kd5 Qa8 66. Qe4+ Kh5 67. Qh7+ Kg4 68. Qb7 Qa2+ 69. Kd4 Qd2+ 70. Kc4 Qf4+ 71. Kb5 b3 72. c7 Kg3 73. c8=Q b2 74. Ka5 Qd2+ 75. Ka6 Qd3+ 76. Ka7 Qa3+ 77. Kb8 Qa2 78. Qbc7+ 1-0

[Event "EU-ch 3rd"]
[Site "Batumi"]
[Date "2002.06.21"]
[Round "9"]
[White "Anastasian, Ashot"]
[Black "Minasian, Ara"]
[Result "0-1"]
[WhiteElo "2591"]
[BlackElo "2473"]
[PlyCount "82"]
[EventDate "2002.06.12"]
[Source "ChessBase"]
[SourceDate "2002.09.20"]

1. e4 Nf6 2. e5 Nd5 3. d4 d6 4. Nf3 Bg4 5. Be2 c6 6. O-O Bxf3 7. Bxf3 dxe5 8. dxe5 e6 9. b3 Nd7 10. Bb2 Qc7 11. Re1 Rd8 12. g3 Ne7 13. Qe2 Ng6 14. a3 Be7 15. h4 Ngxe5 16. Bg2 Bf6 17. Bc3 h5 18. Bh3 Ng6 19. a4 a5 20. Qe4 Ne7 21. Qf3 Nd5 22. Bxf6 gxf6 23. Na3 Kf8 24. Nc4 f5 25. Re2 b5 26. axb5 cxb5 27. Bxf5 exf5 28. Qxd5 bxc4 29. Rae1 Nf6 30. Qxf5 Rh6 31. Re7 Rd7 32. R7e5 cxb3 33. cxb3 Rg6 34. Rxa5 Rd2 35. Rae5 Qb6 36. R5e3 Rd4 37. Re6 Qb4 38. Ra1 Rd5 39. Ra8+ Kg7 40. Rxf6 Rxf5 41. Rxf5 Qxh4 0-1

[Event "Julian Borowski 4th-B"]
[Site "Essen"]
[Date "2002.05.18"]
[Round "3"]
[White "Rabiega, Robert"]
[Black "Tischbierek, Raj"]
[Result "1/2-1/2"]
[WhiteElo "2512"]
[BlackElo "2540"]
[PlyCount "36"]
[EventDate "2002.05.16"]
[Source "ChessBase"]
[SourceDate "2002.09.20"]

1. e4 Nf6 2. e5 Nd5 3. d4 d6 4. Nf3 Bg4 5. Be2 c6 6. O-O Bxf3 7. Bxf3 dxe5 8. dxe5 e6 9. Re1 Nd7 10. Nd2 Qc7 11. Nc4 N7b6 12. Qe2 Bc5 13. c3 O-O-O 14. Na5 h6 15. Nb3 Be7 16. a4 Nd7 17. h3 Kb8 18. a5 a6 1/2-1/2

[Event "RUS-chT"]
[Site "Tomsk"]
[Date "2001.05.17"]
[Round "5"]
[White "Malakhov, Vladimir"]
[Black "Labunskiy, Dmitry"]
[Result "1-0"]
[WhiteElo "2623"]
[BlackElo "2424"]
[PlyCount "69"]
[EventDate "2001.05.13"]
[Source "ChessBase"]
[SourceDate "2001.07.03"]

1. e4 Nf6 2. e5 Nd5 3. d4 d6 4. Nf3 Bg4 5. Be2 c6 6. O-O dxe5 7. Nxe5 Bxe2 8. Qxe2 Nd7 9. c4 Nxe5 10. dxe5 Nc7 11. Nc3 g6 12. Be3 Bg7 13. f4 Qc8 14. Rad1 O-O 15. Rd2 Qf5 16. Rfd1 g5 17. g4 Qe6 18. f5 Qxe5 19. Bxg5 e6 20. Qxe5 Bxe5 21. Rd7 Ne8 22. Ne4 exf5 23. gxf5 Ng7 24. Be7 Rfe8 25. Nf6+ Bxf6 26. Bxf6 Nxf5 27. Rf1 Ne3 28. Rf3 Re4 29. h3 Re6 30. Bd4 Nxc4 31. Rfxf7 Rg6+ 32. Kf2 c5 33. Rg7+ Rxg7 34. Rxg7+ Kf8 35. Rxh7 1-0

[Event "Platonov mem"]
[Site "Kiev"]
[Date "1995.??.??"]
[Round "1"]
[White "Timoshenko, Georgy"]
[Black "Baklan, Vladimir"]
[Result "1/2-1/2"]
[WhiteElo "2550"]
[BlackElo "2490"]
[PlyCount "100"]
[EventDate "1995.??.??"]
[Source "ChessBase"]

1. e4 Nf6 2. e5 Nd5 3. d4 d6 4. Nf3 Bg4 5. Be2 c6 6. c4 Nb6 7. exd6 exd6 8. Nbd2 Be7 9. O-O O-O 10. Re1 N8d7 11. a4 a5 12. Ra3 Re8 13. Re3 Nf8 14. Bf1 Ne6 15. Qc2 Qd7 16. b3 Bxf3 17. Nxf3 Bf6 18. Bb2 d5 19. c5 Nc8 20. g3 Ne7 21. h4 Ng6 22. Bh3 Ngf8 23. Qd2 Qc7 24. Bf5 g6 25. Bc2 Ng7 26. Ne5 Bxe5 27. Rxe5 Rxe5 28. Rxe5 Nd7 29. Re1 Nf6 30. Kg2 Ne6 31. Bc3 Qd8 32. b4 axb4 33. Bxb4 Ne4 34. Qe3 Qf6 35. Rd1 Qd8 36. a5 Qd7 37. h5 Re8 38. hxg6 fxg6 39. Bxe4 dxe4 40. Qb3 Qf7 41. Kg1 Rd8 42. d5 cxd5 43. a6 bxa6 44. c6 Qf3 45. Qxf3 exf3 46. Ba5 Rc8 47. c7 d4 48. Rc1 d3 49. Rd1 Nxc7 50. Rxd3 Ne6 1/2-1/2

[Event "Buenos Aires Najdorf"]
[Site "Buenos Aires"]
[Date "1995.??.??"]
[Round "7"]
[White "De Firmian, Nick E"]
[Black "Szmetan, Jorge"]
[Result "1-0"]
[WhiteElo "2605"]
[BlackElo "2430"]
[PlyCount "83"]
[EventDate "1995.07.??"]
[Source "ChessBase"]

1. e4 Nf6 2. e5 Nd5 3. d4 d6 4. Nf3 Bg4 5. Be2 c6 6. Ng5 Bf5 7. e6 fxe6 8. g4 Bg6 9. Bd3 Bxd3 10. Qxd3 Nf6 11. Nxe6 Qd7 12. Qe2 Kf7 13. Ng5+ Kg8 14. Rg1 Na6 15. Nc3 Nc7 16. Be3 Ncd5 17. Bd2 Re8 18. O-O-O e5 19. dxe5 Rxe5 20. Qf3 h5 21. Nxd5 Rxd5 22. h3 hxg4 23. hxg4 Rh4 24. Qe3 Rxg4 25. f4 Rxg1 26. Rxg1 Qf5 27. Bc3 Rc5 28. Ne6 Rc4 29. Nxg7 Bxg7 30. Qe7 Qxf4+ 31. Kb1 Qg4 32. Rxg4 Rxg4 33. a3 Rg1+ 34. Ka2 Nd5 35. Qe6+ Kh7 36. Qh3+ Kg8 37. Qc8+ Kh7 38. Bd2 Nf6 39. Bc3 Nd5 40. Bd2 Nf6 41. Qxb7 Ne4 42. Be3 1-0

[Event "Kiev Spring"]
[Site "Kiev"]
[Date "2000.03.23"]
[Round "2"]
[White "Baklan, Vladimir"]
[Black "Kosikov, Alexey I"]
[Result "1-0"]
[WhiteElo "2571"]
[BlackElo "2460"]
[PlyCount "49"]
[EventDate "2000.03.22"]
[Source "ChessBase"]
[SourceDate "2000.07.27"]

1. e4 Nf6 2. e5 Nd5 3. d4 d6 4. Nf3 Bg4 5. Be2 c6 6. O-O Bxf3 7. Bxf3 dxe5 8. dxe5 e6 9. Re1 Nd7 10. Nd2 Be7 11. Nc4 O-O 12. a4 a5 13. Bd2 Qc7 14. Qe2 Rfd8 15. Qe4 Nb4 16. Bf4 Nc5 17. Qe2 Rd4 18. Bg3 Rad8 19. Nd6 Bg5 20. Bh5 f5 21. Bf7+ Kf8 22. c3 Rd2 23. Qh5 Bh6 24. cxb4 axb4 25. Bxe6 1-0

[Event "Vrnjacka Banja"]
[Site "Vrnjacka Banja"]
[Date "1982.??.??"]
[Round "2"]
[White "Tseshkovsky, Vitaly"]
[Black "Rogulj, Branko"]
[Result "1-0"]
[WhiteElo "2595"]
[BlackElo "2435"]
[PlyCount "92"]
[EventDate "1982.04.??"]
[Source "ChessBase"]

1. e4 Nf6 2. e5 Nd5 3. d4 d6 4. Nf3 Bg4 5. Be2 c6 6. Ng5 Bf5 7. Bd3 Bxd3 8. Qxd3 dxe5 9. dxe5 h6 10. Qh3 e6 11. O-O Be7 12. Ne4 Nd7 13. Qg3 g5 14. Na3 Nc5 15. Nd6+ Bxd6 16. exd6 Qf6 17. Nc4 O-O 18. h4 Qd4 19. hxg5 Ne4 20. Qd3 Qxd3 21. cxd3 Nxg5 22. f4 Nh7 23. f5 exf5 24. Bxh6 Rfe8 25. Rxf5 Re6 26. Bd2 b5 27. Ne5 Rxd6 28. Nxf7 Rf6 29. Nh6+ Kg7 30. Rxf6 Kxf6 31. Re1 Rd8 32. Ng4+ Kf5 33. Ne5 Rd6 34. g4+ Kf6 35. d4 Kg7 36. Rc1 Nhf6 37. Bh6+ Kh7 38. g5 Nh5 39. g6+ Rxg6+ 40. Nxg6 Kxg6 41. Rxc6+ Kf5 42. Rc5 Ke4 43. Rxb5 Ng3 44. Bg7 Ne2+ 45. Kh2 Nc1 46. Ra5 Nb4 1-0

[Event "Calcutta"]
[Site "Calcutta IND"]
[Date "1986.??.??"]
[Round "?"]
[White "Thipsay, Praveen Mahadeo"]
[Black "Agzamov, Georgy T"]
[Result "0-1"]
[WhiteElo "2485"]
[BlackElo "2545"]
[PlyCount "78"]
[EventDate "1986.02.??"]
[Source "www.chesslib.no"]
[SourceDate "2004.05.04"]

1. e4 Nf6 2. e5 Nd5 3. d4 d6 4. Nf3 Bg4 5. Be2 c6 6. Ng5 Bf5 7. e6 fxe6 8. g4 Bg6 9. Bd3 Bxd3 10. Qxd3 g6 11. O-O Qd7 12. Qe2 Na6 13. c4 Ndc7 14. Qf3 Bh6 15. Qf7+ Kd8 16. h3 Nb4 17. Na3 Bxg5 18. Bxg5 Qe8 19. Qf3 h5 20. Rad1 Kd7 21. Nb1 hxg4 22. hxg4 Qf8 23. Qb3 Rh7 24. f3 Nba6 25. Kg2 Qf7 26. Nd2 Rah8 27. Rh1 b5 28. a3 bxc4 29. Qxc4 Nb8 30. Qd3 Nd5 31. Qe4 Na6 32. Nc4 Nac7 33. Rde1 e5 34. dxe5 Ne6 35. exd6 Nef4+ 36. Bxf4 Nxf4+ 37. Kg3 exd6 38. Rxh7 Qxh7 39. Kxf4 Qh6+ 0-1

[Event "Manila ol (Men)"]
[Site "Manila PHI"]
[Date "1992.??.??"]
[Round "?"]
[White "Ernst, Thomas"]
[Black "Urday, Henry"]
[Result "1-0"]
[WhiteElo "2535"]
[BlackElo "2480"]
[PlyCount "85"]
[EventDate "1992.06.??"]
[Source "www.chesslib.no"]
[SourceDate "2004.05.04"]

1. e4 Nf6 2. e5 Nd5 3. d4 d6 4. Nf3 Bg4 5. Be2 c6 6. c4 Nb6 7. Ng5 Bxe2 8. Qxe2 h6 9. Nf3 dxe5 10. dxe5 e6 11. O-O N8d7 12. Bf4 g5 13. Bg3 h5 14. h3 g4 15. hxg4 hxg4 16. Nh2 Qg5 17. Nd2 O-O-O 18. Rfd1 Bg7 19. Qxg4 Qh6 20. Ndf3 Rdg8 21. Qe4 Bf8 22. b3 Bc5 23. Kf1 Qg7 24. Ke2 Rh5 25. Nf1 Be7 26. Ne3 Nc5 27. Qc2 f5 28. exf6 Bxf6 29. Rh1 Rgh8 30. Rxh5 Rxh5 31. Rd1 e5 32. b4 Ne6 33. c5 Nd5 34. Rxd5 cxd5 35. Nxd5 Qf7 36. Qe4 Nc7 37. Qg4+ Kb8 38. Nxf6 Rh8 39. Bxe5 Rd8 40. Bxc7+ Kxc7 41. Qf4+ Kc8 42. g4 Qe6+ 43. Kf1 1-0

[Event "La Habana 85/57"]
[Site "?"]
[Date "2002.??.??"]
[Round "?"]
[White "Hauchard, A."]
[Black "Almeida, O."]
[Result "1-0"]
[WhiteElo "2518"]
[BlackElo "2484"]
[PlyCount "109"]
[EventDate "2002.??.??"]
[Source "Chess Informant"]
[SourceDate "2002.06.01"]

1. e4 Nf6 2. e5 Nd5 3. d4 d6 4. Nf3 Bg4 5. Be2 c6 6. O-O Bxf3 7. Bxf3 dxe5 8. dxe5 e6 9. b3 Nd7 10. Bb2 Qc7 11. Re1 O-O-O 12. a3 g6 13. Nd2 Bg7 14. Nc4 Kb8 15. Qe2 N5b6 16. Na5 Nd5 17. b4 h5 18. c4 Nf4 19. Qe3 g5 20. c5 Bh6 21. Qc3 g4 22. Be4 Nd5 23. Qd4 Bg7 24. Nc4 f6 25. exf6 Bxf6 26. Qd2 Rdf8 27. Nd6 Nf4 28. Bxf6 Rxf6 29. Rad1 Rd8 30. Qb2 Rdf8 31. Rd2 Nd5 32. Bxd5 cxd5 33. Rde2 e5 34. Rxe5 Nxe5 35. Qxe5 Ka8 36. Qxh5 Qd7 37. Rf1 Qe6 38. Qh7 Rb8 39. Nb5 Rc8 40. Nc7+ Rxc7 41. Qxc7 a6 42. a4 Rf8 43. g3 Rh8 44. b5 Qh6 45. h4 gxh3 46. c6 h2+ 47. Kh1 Rb8 48. cxb7+ Rxb7 49. Qd8+ Ka7 50. Qxd5 Qb6 51. bxa6 Rh7 52. a5 Qxa6 53. Qd4+ Ka8 54. Qe4+ Rb7 55. Rb1 1-0

[Event "RUS-Cup6"]
[Site "Krasnodar"]
[Date "1997.??.??"]
[Round "2"]
[White "Dolmatov, Sergey"]
[Black "Minasian, Ara"]
[Result "1/2-1/2"]
[WhiteElo "2560"]
[BlackElo "2440"]
[PlyCount "49"]
[EventDate "1997.03.11"]
[Source "www.chesslib.no"]
[SourceDate "2004.05.04"]

1. e4 Nf6 2. e5 Nd5 3. d4 d6 4. Nf3 Bg4 5. Be2 c6 6. c4 Nb6 7. exd6 exd6 8. O-O Be7 9. b3 O-O 10. Bf4 Re8 11. Nc3 d5 12. c5 N6d7 13. h3 Bh5 14. Qd2 Nf8 15. g4 Bg6 16. Ne5 Nbd7 17. Nxg6 hxg6 18. Be3 Ne6 19. b4 b6 20. Rad1 bxc5 21. bxc5 Bf6 22. Bf3 Bg5 23. Bg2 Bxe3 24. fxe3 Nf6 25. e4 1/2-1/2

[Event "Stara Pazova"]
[Site "Stara Pazova"]
[Date "1983.??.??"]
[Round "?"]
[White "Arnason, Jon L"]
[Black "Agzamov, Georgy T"]
[Result "0-1"]
[WhiteElo "2460"]
[BlackElo "2535"]
[PlyCount "78"]
[EventDate "1983.??.??"]
[Source "www.chesslib.no"]
[SourceDate "2004.05.04"]

1. e4 Nf6 2. e5 Nd5 3. d4 d6 4. Nf3 Bg4 5. Be2 c6 6. O-O Bxf3 7. Bxf3 dxe5 8. dxe5 e6 9. Nd2 Nd7 10. Re1 Qc7 11. Nc4 N7b6 12. Qd4 Nxc4 13. Qxc4 O-O-O 14. a3 Be7 15. Qe2 h6 16. c4 Nb6 17. b4 Rd7 18. Rb1 Rhd8 19. c5 Nd5 20. Qc4 Kb8 21. a4 Rc8 22. Ba3 Ka8 23. g3 g6 24. Rbd1 Rcd8 25. Bb2 Bf8 26. Bd4 Bg7 27. b5 Qa5 28. Rb1 Bf8 29. Rec1 Rc8 30. Rc2 h5 31. Rcb2 Qd8 32. a5 cxb5 33. Rxb5 Rc6 34. Qb3 Qc8 35. Qa4 Rdc7 36. Rb6 Bxc5 37. Bxd5 exd5 38. Rxc6 Rxc6 39. Bxc5 Rxc5 0-1

[Event "OeSB"]
[Site "Bruck/Leitha"]
[Date "2003.10.25"]
[Round "1.6"]
[White "Videki, Sandor"]
[Black "Varga, Zoltan"]
[Result "0-1"]
[WhiteElo "2430"]
[BlackElo "2558"]
[PlyCount "76"]
[EventDate "2003.10.25"]
[Source "Roberto Alvarez"]
[SourceDate "2003.11.24"]

1. e4 Nf6 2. e5 Nd5 3. d4 d6 4. Nf3 Bg4 5. Be2 c6 6. O-O Bxf3 7. Bxf3 dxe5 8. dxe5 e6 9. Re1 Nd7 10. Nd2 Be7 11. a4 O-O 12. Nc4 Qc7 13. Qe2 N5b6 14. Bf4 Nxc4 15. Qxc4 Nb6 16. Qe4 Rfd8 17. Be2 a5 18. Red1 Rd5 19. b3 Rad8 20. c4 Rxd1+ 21. Rxd1 Nd7 22. Bd3 g6 23. Bc2 Nc5 24. Qe2 Rxd1+ 25. Bxd1 Qd8 26. Qd2 Nd3 27. Bc2 Nxf4 28. Qxf4 Bg5 29. Qe4 Qd2 30. Kf1 Qc1+ 31. Ke2 Bf4 32. Kf3 Bxe5 33. Qxe5 Qxc2 34. Qb8+ Kg7 35. Qe5+ Kh6 36. Qf4+ g5 37. Qxf7 Qxb3+ 38. Ke2 Qxc4+ 0-1

[Event "Calviá ol (Men)"]
[Site "Mallorca"]
[Date "2004.10.19"]
[Round "5.39"]
[White "Volkmann, Friedrich"]
[Black "Lima, Darcy"]
[Result "0-1"]
[WhiteElo "2454"]
[BlackElo "2533"]
[PlyCount "166"]
[EventDate "2004.10.15"]
[Source "Roberto Alvarez"]
[SourceDate "2004.10.25"]

1. e4 Nf6 2. e5 Nd5 3. d4 d6 4. Nf3 Bg4 5. Be2 c6 6. O-O Bxf3 7. Bxf3 dxe5 8. dxe5 e6 9. Nd2 Nd7 10. Re1 Qc7 11. Nc4 N7b6 12. Nd6+ Bxd6 13. exd6 Qxd6 14. b3 Qe7 15. c4 Nf6 16. a4 a5 17. Qd4 c5 18. Qe5 O-O 19. Ba3 Rfc8 20. Rad1 Nbd7 21. Qg3 Ra7 22. Bb2 b6 23. Rd3 Ne8 24. Red1 f6 25. Re1 Nf8 26. Bh5 Rd7 27. Rde3 Rcd8 28. f4 Nc7 29. Bc3 Rd6 30. Be2 Qf7 31. Bd3 Kh8 32. Qf3 Na6 33. g4 Nb4 34. Bb1 Qd7 35. g5 Rd4 36. gxf6 gxf6 37. Kh1 f5 38. Rg1 Ng6 39. Qh5 Qb7+ 40. Be4 Qf7 41. Reg3 Rg8 42. Bg2 Rg7 43. Qh6 e5 44. fxe5 f4 45. Rf1 Qe7 46. Bxd4 cxd4 47. Rg5 Nd3 48. h4 Ndxe5 49. Bd5 Qd7 50. Rf2 Ng4 51. Rxg4 Qxg4 52. Bg2 Nxh4 53. Qxb6 Rd7 54. Qb8+ Kg7 55. Qxf4 Qxf4 56. Rxf4 Nxg2 57. Kxg2 d3 58. Rf1 d2 59. Rd1 Kf6 60. Kf3 h5 61. Kf4 h4 62. c5 Ke7 63. c6 Rd6 64. Ke5 Rd3 65. Ke4 Rd6 66. Ke5 Re6+ 67. Kd5 Rd6+ 68. Ke5 Rxc6 69. Rxd2 Rh6 70. Rh2 h3 71. Kd5 Kd7 72. Kc5 Kc7 73. Kb5 Rh5+ 74. Ka6 Kc6 75. Rc2+ Kd5 76. Kxa5 h2 77. Rxh2 Rxh2 78. b4 Ra2 79. Kb5 Kd6 80. a5 Kc7 81. Ka6 Kb8 82. b5 Rh2 83. b6 Rh5 0-1

[Event "Platonov mem"]
[Site "Kiev"]
[Date "1995.??.??"]
[Round "10"]
[White "Kruppa, Yuri"]
[Black "Sergeev, Vladimir"]
[Result "1-0"]
[WhiteElo "2570"]
[BlackElo "2415"]
[PlyCount "71"]
[EventDate "1995.??.??"]
[Source "ChessBase"]

1. e4 Nf6 2. e5 Nd5 3. d4 d6 4. Nf3 Bg4 5. Be2 c6 6. c4 Nb6 7. exd6 Bxf3 8. Bxf3 Nxc4 9. dxe7 Qxe7+ 10. Kf1 Nd6 11. Nc3 Qf6 12. h4 h6 13. Qa4 Nd7 14. d5 Nb6 15. Qg4 c5 16. Bf4 Nbc4 17. Be2 Be7 18. Bxc4 Nxc4 19. Re1 O-O 20. Bxh6 Qxh6 21. Qxc4 Bf6 22. g3 Bd4 23. Kg2 Rad8 24. Ne4 b6 25. b4 Qh5 26. bxc5 bxc5 27. Ng5 Qg6 28. Ne4 Qf5 29. d6 Rfe8 30. f3 Re6 31. Ng5 Rexd6 32. Re7 Qd5 33. Qc2 Rg6 34. Nxf7 Rb6 35. Nxd8 Rb2 36. Re8# 1-0

[Event "Cappelle op"]
[Site "Cappelle la Grande"]
[Date "1999.02.18"]
[Round "6"]
[White "Bauer, Christian"]
[Black "Sergeev, Vladimir"]
[Result "1-0"]
[WhiteElo "2528"]
[BlackElo "2452"]
[PlyCount "133"]
[EventDate "1999.02.??"]
[Source "www.chesslib.no"]
[SourceDate "2004.05.04"]

1. e4 Nf6 2. e5 Nd5 3. d4 d6 4. Nf3 Bg4 5. Be2 c6 6. O-O Bxf3 7. Bxf3 dxe5 8. dxe5 e6 9. Nd2 Nd7 10. Re1 Qc7 11. Nc4 Bc5 12. Nd6+ Kf8 13. c4 Ne7 14. Be3 Bb4 15. Bd2 Bxd6 16. exd6 Qxd6 17. Bc3 Qxd1 18. Raxd1 Nb6 19. b3 Rg8 20. Rd2 Ke8 21. Red1 f6 22. a4 a5 23. Bh5+ g6 24. Bg4 Kf7 25. Rd6 f5 26. Be2 Rge8 27. f4 h5 28. Kf2 Nec8 29. R6d2 Ne7 30. Bf3 Ng8 31. Be5 Nf6 32. h3 Re7 33. Rd8 Rxd8 34. Rxd8 Nbd7 35. Ba1 Re8 36. Rxe8 Kxe8 37. Bc3 b6 38. Bxc6 Ke7 39. b4 axb4 40. Bxb4+ Nc5 41. Ke3 Kd6 42. Bb5 Nfe4 43. Be8 g5 44. fxg5 Ke5 45. Bxc5 Nxc5 46. h4 f4+ 47. Kf3 Nb3 48. Bxh5 Nd2+ 49. Ke2 Nxc4 50. Bg6 Kd6 51. h5 Ne5 52. Bc2 Ke7 53. h6 Kf7 54. Bb1 Kf8 55. g6 Ng4 56. h7 Kg7 57. Kf3 Nf6 58. Kxf4 Nd7 59. Bc2 Kh8 60. Kg5 Kg7 61. Bb3 Nc5 62. Bc4 Ne4+ 63. Kf4 Nc5 64. Ke5 Nxa4 65. h8=Q+ Kxh8 66. Kf6 Nc3 67. Kf7 1-0

[Event "XXV Open del Liechtenstein"]
[Site "Triesen LIE"]
[Date "2007.05.17"]
[Round "7"]
[White "Arakhamia, K."]
[Black "Baburin, A."]
[Result "0-1"]
[WhiteElo "2435"]
[BlackElo "2545"]
[PlyCount "118"]
[EventDate "2007.05.11"]
[Source "www.chesslib.no"]
[SourceDate "2004.05.04"]

1. e4 Nf6 2. e5 Nd5 3. d4 d6 4. Nf3 Bg4 5. Be2 c6 6. O-O Bxf3 7. Bxf3 dxe5 8. dxe5 e6 9. Qe2 Nd7 10. c4 Ne7 11. Bg4 h5 12. Bh3 Qc7 13. f4 Nf5 14. Nc3 O-O-O 15. Bxf5 exf5 16. Be3 Bc5 17. Na4 Bxe3+ 18. Qxe3 Nb6 19. Nxb6+ Qxb6 20. Qxb6 axb6 21. Rad1 Rd7 22. Rxd7 Kxd7 23. Rd1+ Ke6 24. Rd6+ Ke7 25. Rd3 Ra8 26. Rb3 Kd7 27. a3 Kc7 28. Kf2 Rd8 29. Ke3 Rd1 30. Rd3 Rh1 31. h3 Re1+ 32. Kf3 h4 33. b3 Ra1 34. a4 Ra2 35. Rd1 Rb2 36. Rd3 Rc2 37. Re3 Kd7 38. g4 Ke6 39. Rd3 g6 40. Rd6+ Ke7 41. gxf5 gxf5 42. Rh6 Rc3+ 43. Kg2 Rg3+ 44. Kh2 Rxb3 45. Rxh4 Rb4 46. Rh8 Rxc4 47. Rb8 Ke6 48. Rxb7 Rxf4 49. Rxb6 Kd5 50. a5 Ra4 51. a6 c5 52. Kg3 c4 53. Kf4 c3+ 54. Ke3 Kxe5 55. Kd3 Ra3 56. h4 f4 57. Rc6 Kf5 58. h5 f3 59. Rxc3 f2 0-1